|
|
|
|
| LEADER |
00000nas a2200000 a 4500 |
| 001 |
vtls001327961 |
| 003 |
SK-MaSNL |
| 005 |
20260228155644.0 |
| 008 |
160624s18881932xr 0 cze c |
| 035 |
|
|
|a SNK000280774
|
| 040 |
|
|
|a SNK
|b slo
|c SNK
|e AACR2
|
| 044 |
|
|
|a xr
|c CZ
|
| 080 |
|
|
|a 37
|2 2011
|
| 080 |
|
|
|a 37.01
|2 2011
|
| 245 |
0 |
|
|a Pedagogické rozhledy
|
| 260 |
|
|
|a Praha
|b Československá obec učitelská a dědictví Komenského
|c 1888-1932
|
| 310 |
|
|
|a 10x ročne
|
| 362 |
0 |
|
|a Roč. 1 (1888) - roč. 42 (1932)
|
| 650 |
0 |
7 |
|a pedagogika
|2 SNKPH
|9 955
|
| 710 |
2 |
|
|a Dědictví Komenského (Praha, Česko)
|9 265095
|
| 850 |
|
|
|a Slovenská národná knižnica v Martine
|
| 999 |
|
|
|c 84
|d 84
|
| 952 |
|
|
|0 0
|1 1
|4 0
|7 0
|a SNK
|b SNK
|d 2005-03-18
|i snkD 4556/76
|l 0
|o snkČC 62/1/1870-1882
|p 17A0462578
|r 2026-02-21 19:40:38
|t časť 1 - 16
|w 2026-02-21
|y PREZ
|
| 952 |
|
|
|0 0
|1 1
|4 0
|7 0
|a SNK
|b SNK
|d 2006-09-06
|i snk1468/32
|l 0
|o snkČC 62/34/1924
|p 17A0519503
|r 2026-02-21 20:18:13
|w 2026-02-21
|y PREZ
|
| 952 |
|
|
|0 0
|1 1
|4 0
|7 0
|a SNK
|b SNK
|d 2006-09-06
|i snk1469/32
|l 0
|o snkČC 62/35/1925
|p 17A0519524
|r 2026-02-21 20:18:13
|w 2026-02-21
|y PREZ
|
| 952 |
|
|
|0 0
|1 1
|4 0
|7 0
|a SNK
|b SNK
|d 2006-09-06
|i snk1470/32
|l 0
|o snkČC 62/36/1926
|p 17A0519525
|r 2026-02-21 20:18:13
|w 2026-02-21
|y PREZ
|
| 952 |
|
|
|0 0
|1 1
|4 0
|7 0
|a SNK
|b SNK
|d 2006-09-06
|i snk1471/32
|l 0
|o snkČC 62/337/1927
|p 17A0519516
|r 2026-02-21 20:18:13
|w 2026-02-21
|y PREZ
|
| 952 |
|
|
|0 0
|1 1
|4 0
|7 0
|a SNK
|b SNK
|d 2006-09-06
|i snk1464/32
|l 0
|o snkČC 62/30/1920
|p 17A0519535
|r 2026-02-21 20:18:14
|w 2026-02-21
|y PREZ
|
| 952 |
|
|
|0 0
|1 1
|4 0
|7 0
|a SNK
|b SNK
|d 2006-09-06
|i snk1466/32
|l 0
|o snkČC 62/32/1922
|p 17A0519517
|r 2026-02-21 20:18:14
|w 2026-02-21
|y PREZ
|
| 952 |
|
|
|0 0
|1 1
|4 0
|7 0
|a SNK
|b SNK
|d 2006-09-06
|i snk1473/32
|l 0
|o snkČC 62/39/1929
|p 17A0519506
|r 2026-02-21 20:18:14
|w 2026-02-21
|y PREZ
|
| 952 |
|
|
|0 0
|1 1
|4 0
|7 0
|a SNK
|b SNK
|d 2006-09-06
|l 0
|o snkČC 62/40/1930
|p 17A0519505
|r 2026-02-21 20:18:14
|w 2026-02-21
|y PREZ
|
| 952 |
|
|
|0 0
|1 1
|4 0
|7 0
|a SNK
|b SNK
|d 2006-09-06
|i snk3581/34
|l 0
|o snkČC 62/42/1932
|p 17A0519504
|r 2026-02-21 20:18:15
|w 2026-02-21
|y PREZ
|
| 952 |
|
|
|0 0
|1 1
|4 0
|7 0
|a SNK
|b SNK
|d 2006-09-06
|i snk1462/32
|l 0
|o snkČC 62/28/1918
|p 17A0519520
|r 2026-02-21 20:18:15
|w 2026-02-21
|y PREZ
|
| 952 |
|
|
|0 0
|1 1
|4 0
|7 0
|a SNK
|b SNK
|d 2006-09-06
|i snk1463/32
|l 0
|o snkČC 62/29/1919
|p 17A0519537
|r 2026-02-21 20:18:15
|w 2026-02-21
|y PREZ
|
| 952 |
|
|
|0 0
|1 1
|4 0
|7 0
|a SNK
|b SNK
|d 2006-09-06
|i snk1472/32
|l 0
|o snkČC 62/38/1928
|p 17A0519437
|r 2026-02-21 20:18:15
|w 2026-02-21
|y PREZ
|
| 952 |
|
|
|0 0
|1 1
|4 0
|7 0
|a SNK
|b SNK
|d 2006-09-06
|i snk1465/32
|l 0
|o snkČC 62/331/1921
|p 17A0519518
|r 2026-02-21 20:22:15
|w 2026-02-21
|y PREZ
|
| 952 |
|
|
|0 0
|1 1
|4 0
|7 0
|a SNK
|b SNK
|d 1998-04-16
|i snk1467/32
|l 0
|o snkČC 62/33/1923
|p 17A0135359
|r 2005-01-02 00:00:00
|w 2026-02-21
|y PREZ
|
| 952 |
|
|
|0 0
|1 1
|4 0
|7 0
|a SNK
|b SNK
|d 2004-05-28
|i snkVIII. 176/55
|l 0
|o snkČC 62/2.1889
|p 17A0430139
|r 2005-01-02 00:00:00
|t P60, <06>, [ISSBD], {606}
|w 2026-02-21
|y PREZ
|
| 952 |
|
|
|0 0
|1 1
|4 0
|7 0
|a SNK
|b SNK
|d 2004-06-10
|l 0
|o snkČC 62/18/1904
|p 17A0430647
|r 2005-01-02 00:00:00
|t P60, <06>, [ISSBD], {606}
|w 2026-02-21
|y PREZ
|